[Event "Neumarkt am Wallersee op 12th"]
[Site "Neumarkt am Wallersee"]
[Date "2013.09.01"]
[Round "9"]
[White "Fleischer, Birgit"]
[Black "Fleischer, Frank"]
[Result "0-1"]
[WhiteElo "1900"]
[BlackElo "2212"]
[PlyCount "66"]
[EventDate "2013.08.24"]
[EventType "swiss"]
[EventRounds "9"]
[EventCountry "AUT"]
[SourceTitle "CBM 156 Extra"]
[Source "ChessBase"]
[SourceDate "2013.10.22"]
[SourceVersion "1"]
[SourceVersionDate "2013.10.22"]
[SourceQuality "1"]

1. e4 e6 2. d4 d5 3. e5 c5 4. c3 Nc6 5. Nf3 Bd7 6. Bd3 cxd4 7. cxd4 Qb6 8. Bc2 Nb4 9. Nc3 Nxc2+ 10. Qxc2 Bb5 11. Qb3 Bc4 12. Qxb6 axb6 13. b3 Ba6 14. Bb2 Ne7 15. 0-0-0 Nc6 16. a3 Be7 17. Kb1 Kd7 18. Na4 Kc7 19. Rd2 b5 20. Nc5 b6 21. Nd3 b4 22. Nxb4 Nxb4 23. axb4 Bxb4 24. Rc1+ Kd7 25. Bc3 Ba3 26. Bb2 Bb4 27. Bc3 Be7 28. Ra2 Bd3+ 29. Rac2 Rhc8 30. Bb2 Rxc2 31. Rxc2 Bb4 32. Kc1 Bxc2 33. Kxc2 Ke7 0-1

[Event "Rheinland Pfalz op 3rd"]
[Site "Gau Algesheim"]
[Date "2011.08.01"]
[Round "6"]
[White "Fleischer, Birgit"]
[Black "Richter, Gerald"]
[Result "1/2-1/2"]
[WhiteElo "1874"]
[BlackElo "2118"]
[PlyCount "69"]
[EventDate "2011.07.28"]
[EventType "swiss"]
[EventRounds "7"]
[EventCountry "GER"]
[SourceTitle "EXT 2013"]
[Source "ChessBase"]
[SourceDate "2012.11.22"]
[SourceVersion "1"]
[SourceVersionDate "2012.11.22"]
[SourceQuality "1"]

1. e4 c5 2. c3 d5 3. exd5 Qxd5 4. d4 Nf6 5. Nf3 e6 6. Be2 cxd4 7. cxd4 Nc6 8. 0-0 Be7 9. Nc3 Qd6 10. Be3 0-0 11. Rc1 Bd7 12. Qd2 Nb4 13. Rfd1 Nbd5 14. Ne5 Rac8 15. Bd3 Rfd8 16. Bb1 Be8 17. Qd3 g6 18. Qe2 Qb4 19. Nd3 Qa5 20. Bd2 Qb6 21. Be3 Qa6 22. Qd2 b6 23. Ne5 Nxc3 24. bxc3 Nd5 25. c4 Nxe3 26. Qxe3 Bf6 27. c5 bxc5 28. dxc5 Rxd1+ 29. Rxd1 Qb5 30. Rc1 Qb2 31. Nc4 Qd4 32. Qxd4 Bxd4 33. Nd6 Rb8 34. Nxe8 Rxe8 35. Kf1 1/2-1/2

[Event "Rheinland Pfalz op 3rd"]
[Site "Gau Algesheim"]
[Date "2011.07.30"]
[Round "4"]
[White "Fleischer, Birgit"]
[Black "Mueller, Lutz"]
[Result "1/2-1/2"]
[WhiteElo "1874"]
[BlackElo "2064"]
[PlyCount "34"]
[EventDate "2011.07.28"]
[EventType "swiss"]
[EventRounds "7"]
[EventCountry "GER"]
[SourceTitle "EXT 2013"]
[Source "ChessBase"]
[SourceDate "2012.11.22"]
[SourceVersion "1"]
[SourceVersionDate "2012.11.22"]
[SourceQuality "1"]

1. e4 c5 2. c3 Nf6 3. e5 Nd5 4. d4 cxd4 5. Nf3 Nc6 6. Bc4 Nb6 7. Bb3 d5 8. exd6 Qxd6 9. cxd4 Be6 10. 0-0 Bxb3 11. Qxb3 Rd8 12. Nc3 e6 13. Be3 Nb4 14. Rac1 a6 15. a3 N4d5 16. Nxd5 Nxd5 17. Qxb7 Be7 1/2-1/2